[Event "World Chess Olympiad 2018"]
[Site "Batumi"]
[Date "2018.09.30"]
[Round "6"]
[Board "1"]
[WhiteFideId "112275"]
[White "Mareco Sandro"]
[BlackFideId "7105029"]
[Black "Priasmoro Novendra"]
[Result "1-0"]
[LiveChessVersion "1.4.8"]
[BlackElo "2498"]
[WhiteElo "2649"]

1. d4 {[%clk 1:30:57]} Nf6 {[%clk 1:30:50]} 2. c4 {[%clk 1:31:25]} e6
{[%clk 1:30:29]} 3. Nf3 {[%clk 1:31:34]} b6 {[%clk 1:29:23]} 4. Nc3
{[%clk 1:28:43]} Bb4 {[%clk 1:27:08]} 5. Bg5 {[%clk 1:29:07]} Bb7
{[%clk 1:27:16]} 6. Nd2 {[%clk 1:29:30]} Nc6 {[%clk 1:24:46]} 7. a3
{[%clk 1:28:57]} Bxc3 {[%clk 1:23:25]} 8. bxc3 {[%clk 1:29:23]} h6
{[%clk 1:21:40]} 9. Bh4 {[%clk 1:29:47]} d6 {[%clk 1:17:34]} 10. e3
{[%clk 1:26:08]} g5 {[%clk 1:16:37]} 11. Bg3 {[%clk 1:23:04]} Ne7
{[%clk 1:16:14]} 12. f3 {[%clk 1:23:26]} Nf5 {[%clk 1:13:14]} 13. Bf2
{[%clk 1:23:47]} Nh4 {[%clk 1:12:55]} 14. e4 {[%clk 1:22:31]} Qe7
{[%clk 1:03:00]} 15. g3 {[%clk 1:22:40]} Ng6 {[%clk 1:02:54]} 16. Bd3
{[%clk 1:15:06]} h5 {[%clk 0:58:12]} 17. Be3 {[%clk 1:15:19]} h4 {[%clk 0:55:15]}
18. Qa4+ {[%clk 1:12:04]} Nd7 {[%clk 0:36:56]} 19. O-O-O {[%clk 1:12:09]} a6
{[%clk 0:36:09]} 20. Kb1 {[%clk 1:10:07]} O-O-O {[%clk 0:35:10]} 21. c5
{[%clk 1:06:51]} b5 {[%clk 0:31:35]} 22. cxd6 {[%clk 1:06:25]} Qxd6
{[%clk 0:31:23]} 23. Qb4 {[%clk 1:05:17]} c5 {[%clk 0:30:06]} 24. Qb2
{[%clk 1:05:41]} c4 {[%clk 0:29:37]} 25. Bc2 {[%clk 1:05:34]} hxg3
{[%clk 0:24:57]} 26. hxg3 {[%clk 0:58:36]} Rxh1 {[%clk 0:22:23]} 27. Rxh1
{[%clk 0:59:01]} Rh8 {[%clk 0:20:20]} 28. Rxh8+ {[%clk 0:57:53]} Nxh8
{[%clk 0:20:42]} 29. e5 {[%clk 0:58:13]} Qe7 {[%clk 0:17:10]} 30. Qb4
{[%clk 0:57:24]} Qxb4+ {[%clk 0:16:58]} 31. axb4 {[%clk 0:57:49]} g4
{[%clk 0:17:19]} 32. fxg4 {[%clk 0:58:08]} Nb6 {[%clk 0:16:33]} 33. Kb2
{[%clk 0:57:37]} Ng6 {[%clk 0:16:10]} 34. Bg5 {[%clk 0:57:55]} Kd7
{[%clk 0:15:50]} 35. Bf6 {[%clk 0:56:35]} Bd5 {[%clk 0:13:38]} 36. Be4
{[%clk 0:54:13]} Ke8 {[%clk 0:04:56]} 37. Bxd5 {[%clk 0:48:54]} exd5
{[%clk 0:01:42]} 38. Nf1 {[%clk 0:49:18]} Nf8 {[%clk 0:00:56]} 39. Ne3
{[%clk 0:49:20]} Ne6 {[%clk 0:01:00]} 40. Kc2 {[%clk 1:19:29]} Kf8
{[%clk 0:30:34]} 41. Nf5 {[%clk 1:19:08]} Nc8 {[%clk 0:25:03]} 42. Kd2
{[%clk 1:19:21]} Ke8 {[%clk 0:23:59]} 43. Ke3 {[%clk 1:19:01]} Kd7
{[%clk 0:23:52]} 44. Kd2 {[%clk 1:13:47]} Ke8 {[%clk 0:24:13]} 45. Ne3
{[%clk 1:13:24]} Nc7 {[%clk 0:08:30]} 46. Ng2 {[%clk 1:13:24]} Na7
{[%clk 0:08:30]} 47. Nf4 {[%clk 1:12:39]} Nc6 {[%clk 0:08:31]} 48. g5
{[%clk 1:08:43]} a5 {[%clk 0:08:56]} 49. bxa5 {[%clk 1:09:09]} Nxa5
{[%clk 0:09:09]} 50. e6 {[%clk 1:09:29]} Nxe6 {[%clk 0:04:09]} 51. Nxd5
{[%clk 1:08:41]} Kd7 {[%clk 0:02:34]} 52. Ne3 {[%clk 1:07:57]} Nf8
{[%clk 0:02:22]} 53. Nc2 {[%clk 1:06:43]} Ne6 {[%clk 0:01:42]} 54. Ke3
{[%clk 1:05:19]} Nc7 {[%clk 0:01:50]} 55. Ke4 {[%clk 1:05:35]} Nb3
{[%clk 0:02:00]} 56. d5 {[%clk 1:02:59]} Nd2+ {[%clk 0:01:42]} 57. Kd4
{[%clk 1:00:17]} Nb3+ {[%clk 0:01:34]} 58. Ke5 {[%clk 1:00:14]} Nc1
{[%clk 0:01:42]} 59. Ke4 {[%clk 0:59:30]} Nd3 {[%clk 0:00:55]} 60. Na3
{[%clk 0:55:59]} Kd6 {[%clk 0:00:35]} 61. Kd4 {[%clk 0:56:22]} Kd7
{[%clk 0:00:32]} 62. Be5 {[%clk 0:55:35]} Nxe5 {[%clk 0:00:32]} 63. Kxe5
{[%clk 0:56:00]} b4 {[%clk 0:00:33]} 64. cxb4 {[%clk 0:55:07]} c3
{[%clk 0:01:02]} 65. Ke4 {[%clk 0:54:59]} Nb5 {[%clk 0:01:03]} 66. Nc2
{[%clk 0:55:24]} Kd6 {[%clk 0:01:28]} 67. Ne3 {[%clk 0:55:34]} Nc7
{[%clk 0:00:32]} 68. Kd3 {[%clk 0:55:46]} Ke5 {[%clk 0:00:35]} 69. Kxc3
{[%clk 0:53:52]} Ke4 {[%clk 0:01:04]} 70. Kd2 {[%clk 0:46:06]} Nb5
{[%clk 0:01:20]} 71. g4 {[%clk 0:46:33]} Kf4 {[%clk 0:00:34]} 72. Kd3
{[%clk 0:44:47]} Kxg5 {[%clk 0:00:42]} 73. Kc4 {[%clk 0:45:09]} Nd6+
{[%clk 0:01:00]} 74. Kc5 {[%clk 0:45:34]} Ne4+ {[%clk 0:01:11]} 75. Kc6
{[%clk 0:45:45]} Kf4 {[%clk 0:01:29]} 76. d6 {[%clk 0:45:18]} Ng5
{[%clk 0:01:44]} 77. d7 {[%clk 0:43:58]} Ne6 {[%clk 0:02:08]} 78. Nc4
{[%clk 0:44:17]} 1-0

[Event "World Chess Olympiad 2018"]
[Site "Batumi"]
[Date "2018.09.30"]
[Round "6"]
[Board "2"]
[WhiteFideId "7101554"]
[White "Cuhendi Sean Winshand"]
[BlackFideId "108049"]
[Black "Flores Diego"]
[Result "0-1"]
[LiveChessVersion "1.4.8"]
[BlackElo "2621"]
[WhiteElo "2441"]

1. e4 {[%clk 1:30:23]} e5 {[%clk 1:28:52]} 2. Nf3 {[%clk 1:29:38]} Nc6
{[%clk 1:28:52]} 3. Bc4 {[%clk 1:28:53]} Bc5 {[%clk 1:29:02]} 4. O-O
{[%clk 1:28:29]} Nf6 {[%clk 1:28:19]} 5. d3 {[%clk 1:27:52]} O-O {[%clk 1:27:12]}
6. h3 {[%clk 1:26:04]} d6 {[%clk 1:22:06]} 7. c3 {[%clk 1:25:46]} Ne7
{[%clk 1:11:11]} 8. d4 {[%clk 1:19:56]} Bb6 {[%clk 1:09:29]} 9. Re1
{[%clk 1:16:10]} Ng6 {[%clk 1:02:58]} 10. Nbd2 {[%clk 1:04:21]} h6
{[%clk 0:49:00]} 11. Bb3 {[%clk 0:59:01]} Re8 {[%clk 0:47:48]} 12. Nc4
{[%clk 0:55:39]} exd4 {[%clk 0:46:19]} 13. Nxb6 {[%clk 0:54:01]} axb6
{[%clk 0:46:41]} 14. Qxd4 {[%clk 0:52:21]} Be6 {[%clk 0:45:17]} 15. Bc2
{[%clk 0:28:34]} Qd7 {[%clk 0:33:26]} 16. b3 {[%clk 0:18:40]} Bxh3
{[%clk 0:30:00]} 17. Nh2 {[%clk 0:14:17]} Bxg2 {[%clk 0:10:43]} 18. Kxg2
{[%clk 0:12:45]} Nh4+ {[%clk 0:11:12]} 19. Kg3 {[%clk 0:13:02]} Nf5+
{[%clk 0:07:28]} 20. exf5 {[%clk 0:13:21]} Rxe1 {[%clk 0:07:57]} 21. Nf3
{[%clk 0:13:24]} Re2 {[%clk 0:07:12]} 22. Bd3 {[%clk 0:12:46]} Rae8
{[%clk 0:06:32]} 23. Bxe2 {[%clk 0:04:58]} Rxe2 {[%clk 0:06:58]} 24. Be3
{[%clk 0:05:26]} Qxf5 {[%clk 0:06:59]} 25. Rg1 {[%clk 0:05:50]} c5
{[%clk 0:05:59]} 26. Qh4 {[%clk 0:05:50]} Ne4+ {[%clk 0:03:32]} 27. Kg2
{[%clk 0:06:03]} g5 {[%clk 0:03:19]} 28. Qh3 {[%clk 0:04:39]} Qxh3+
{[%clk 0:02:15]} 29. Kxh3 {[%clk 0:05:06]} f5 {[%clk 0:02:26]} 30. Bxg5
{[%clk 0:01:46]} hxg5 {[%clk 0:02:40]} 31. Nxg5 {[%clk 0:02:14]} Kf8
{[%clk 0:01:45]} 32. Nxe4 fxe4 {[%clk 0:02:14]} 33. Rg6 {[%clk 0:01:05]} Ke7
{[%clk 0:02:16]} 34. Kg3 {[%clk 0:00:39]} Kd7 {[%clk 0:01:56]} 35. Rg7+
{[%clk 0:00:52]} Kc6 {[%clk 0:02:24]} 36. Re7 {[%clk 0:01:20]} b5
{[%clk 0:02:03]} 37. a3 {[%clk 0:00:47]} Rb2 {[%clk 0:00:59]} 38. Rxe4
{[%clk 0:01:14]} Rxb3 {[%clk 0:01:28]} 39. f4 {[%clk 0:00:46]} Rxc3+
{[%clk 0:01:48]} 40. Kg4 {[%clk 0:31:11]} Rxa3 {[%clk 0:32:11]} 41. f5
{[%clk 0:31:17]} Ra8 {[%clk 0:28:39]} 0-1

[Event "World Chess Olympiad 2018"]
[Site "Batumi"]
[Date "2018.09.30"]
[Round "6"]
[Board "3"]
[WhiteFideId "105309"]
[White "Peralta Fernando"]
[BlackFideId "7101589"]
[Black "Setyaki Azarya Jodi"]
[Result "1-0"]
[LiveChessVersion "1.4.8"]
[BlackElo "2316"]
[WhiteElo "2569"]

1. d4 {[%clk 1:30:57]} Nf6 {[%clk 1:30:55]} 2. c4 {[%clk 1:31:23]} d6
{[%clk 1:31:16]} 3. Nf3 {[%clk 1:31:28]} Nbd7 {[%clk 1:30:14]} 4. Nc3
{[%clk 1:31:49]} e5 {[%clk 1:29:24]} 5. e4 {[%clk 1:32:04]} g6 {[%clk 1:29:48]}
6. Be2 {[%clk 1:32:07]} Bg7 {[%clk 1:30:14]} 7. O-O {[%clk 1:32:21]} O-O
{[%clk 1:30:34]} 8. Be3 {[%clk 1:32:41]} c6 {[%clk 1:30:27]} 9. d5
{[%clk 1:31:02]} c5 {[%clk 1:30:46]} 10. Ne1 {[%clk 1:31:19]} Ne8
{[%clk 1:29:37]} 11. g4 {[%clk 1:31:33]} f5 {[%clk 1:29:06]} 12. gxf5
{[%clk 1:31:37]} gxf5 {[%clk 1:29:28]} 13. exf5 {[%clk 1:32:03]} Ndf6
{[%clk 1:23:00]} 14. Bd3 {[%clk 1:28:45]} Qe7 {[%clk 1:15:48]} 15. Qf3
{[%clk 1:20:57]} Qf7 {[%clk 1:05:38]} 16. Ng2 {[%clk 1:11:50]} Kh8
{[%clk 0:38:05]} 17. a4 {[%clk 0:48:34]} Nh5 {[%clk 0:08:35]} 18. Nh4
{[%clk 0:45:07]} Nef6 {[%clk 0:04:39]} 19. Kh1 {[%clk 0:41:42]} e4
{[%clk 0:02:16]} 20. Bxe4 {[%clk 0:36:11]} Nxe4 {[%clk 0:01:36]} 21. Nxe4
{[%clk 0:36:27]} Be5 {[%clk 0:01:39]} 22. Ng5 {[%clk 0:22:15]} Qe8
{[%clk 0:02:05]} 23. Ne6 {[%clk 0:20:56]} Bxe6 {[%clk 0:02:23]} 24. dxe6
{[%clk 0:21:23]} Bxb2 {[%clk 0:01:23]} 25. Rab1 {[%clk 0:16:53]} Bf6
{[%clk 0:01:49]} 26. Ng2 {[%clk 0:17:08]} b6 {[%clk 0:01:54]} 27. Rbe1
{[%clk 0:13:04]} Ng7 {[%clk 0:01:10]} 28. Bh6 {[%clk 0:13:04]} Bd4
{[%clk 0:00:33]} 29. e7 {[%clk 0:11:49]} 1-0

[Event "World Chess Olympiad 2018"]
[Site "Batumi"]
[Date "2018.09.30"]
[Round "6"]
[Board "4"]
[WhiteFideId "7103735"]
[White "Kurniawan Muhamad Agus"]
[BlackFideId "110973"]
[Black "Pichot Alan"]
[Result "0-1"]
[LiveChessVersion "1.4.8"]
[BlackElo "2562"]
[WhiteElo "2239"]

1. d4 {[%clk 1:30:57]} Nf6 {[%clk 1:30:38]} 2. c4 {[%clk 1:31:25]} e6
{[%clk 1:30:49]} 3. Nc3 {[%clk 1:31:42]} Bb4 {[%clk 1:31:09]} 4. Qc2
{[%clk 1:32:04]} d5 {[%clk 1:30:24]} 5. cxd5 {[%clk 1:32:13]} Qxd5
{[%clk 1:30:37]} 6. Nf3 {[%clk 1:32:36]} Qf5 {[%clk 1:30:18]} 7. Qxf5
{[%clk 1:28:29]} exf5 {[%clk 1:30:42]} 8. Bd2 {[%clk 1:28:54]} c6
{[%clk 1:29:34]} 9. a3 {[%clk 1:27:41]} Be7 {[%clk 1:27:01]} 10. Bg5
{[%clk 1:21:07]} Be6 {[%clk 1:24:58]} 11. e3 {[%clk 1:20:22]} Nbd7
{[%clk 1:22:26]} 12. Bd3 {[%clk 1:16:17]} h6 {[%clk 1:17:01]} 13. Bh4
{[%clk 1:08:29]} Nb6 {[%clk 1:10:16]} 14. Bxf6 {[%clk 0:46:50]} Bxf6
{[%clk 1:10:34]} 15. Rc1 {[%clk 0:38:31]} O-O-O {[%clk 0:59:59]} 16. g3
{[%clk 0:31:34]} g5 {[%clk 0:54:52]} 17. O-O {[%clk 0:23:59]} f4 {[%clk 0:48:43]}
18. Ne4 {[%clk 0:22:18]} Bg7 {[%clk 0:48:45]} 19. Nc5 {[%clk 0:19:03]} Bd5
{[%clk 0:42:42]} 20. e4 {[%clk 0:10:05]} Be6 {[%clk 0:38:38]} 21. gxf4
{[%clk 0:06:50]} Bg4 {[%clk 0:27:05]} 22. Ne5 {[%clk 0:04:59]} Bxe5
{[%clk 0:24:19]} 23. fxe5 {[%clk 0:04:58]} Rxd4 {[%clk 0:24:44]} 24. f3
{[%clk 0:03:17]} Bh5 {[%clk 0:22:28]} 25. Kf2 {[%clk 0:02:23]} Re8
{[%clk 0:12:35]} 26. Ke3 {[%clk 0:02:42]} Rdd8 {[%clk 0:13:00]} 27. e6
{[%clk 0:01:56]} fxe6 {[%clk 0:13:01]} 28. h4 {[%clk 0:02:11]} g4
{[%clk 0:11:20]} 29. f4 {[%clk 0:02:14]} Bf7 {[%clk 0:10:28]} 30. e5
{[%clk 0:00:46]} Nd5+ {[%clk 0:09:01]} 31. Ke2 {[%clk 0:01:04]} g3
{[%clk 0:08:33]} 32. Ne4 {[%clk 0:00:42]} Bh5+ {[%clk 0:08:15]} 33. Kd2
{[%clk 0:00:55]} Rg8 {[%clk 0:08:27]} 34. Nd6+ {[%clk 0:00:45]} Kc7
{[%clk 0:08:37]} 35. f5 {[%clk 0:00:36]} g2 {[%clk 0:06:15]} 36. Rg1
{[%clk 0:01:05]} exf5 {[%clk 0:03:58]} 37. Bc4 {[%clk 0:00:49]} Bf3
{[%clk 0:02:17]} 38. Ke1 {[%clk 0:00:45]} Rxd6 {[%clk 0:01:59]} 39. exd6+
{[%clk 0:01:12]} Kxd6 {[%clk 0:02:23]} 40. Kf2 {[%clk 0:31:01]} Be4
{[%clk 0:32:42]} 41. Rcd1 {[%clk 0:29:09]} Ke5 {[%clk 0:29:45]} 42. Rge1
{[%clk 0:28:30]} Rg4 {[%clk 0:28:56]} 43. Be2 {[%clk 0:21:35]} Rxh4
{[%clk 0:28:21]} 44. Kg3 {[%clk 0:21:36]} Rh1 {[%clk 0:27:05]} 45. Bf3
{[%clk 0:21:25]} Rxe1 {[%clk 0:26:46]} 46. Rxe1 {[%clk 0:21:52]} Nf4
{[%clk 0:27:06]} 47. Kh2 {[%clk 0:19:17]} c5 {[%clk 0:26:09]} 48. Kg1
{[%clk 0:18:45]} b5 {[%clk 0:26:15]} 49. Kh2 {[%clk 0:18:51]} c4 {[%clk 0:26:35]}
50. Kg1 {[%clk 0:18:27]} a5 {[%clk 0:26:57]} 51. Kh2 {[%clk 0:17:54]} b4
{[%clk 0:27:08]} 52. axb4 {[%clk 0:18:06]} axb4 {[%clk 0:27:34]} 53. Kg1
{[%clk 0:18:29]} c3 {[%clk 0:27:47]} 54. bxc3 {[%clk 0:17:38]} bxc3
{[%clk 0:28:13]} 0-1

[Event "World Chess Olympiad 2018"]
[Site "Batumi"]
[Date "2018.09.30"]
[Round "6"]
[Board "1"]
[WhiteFideId "4700236"]
[White "Dervishi Erald"]
[BlackFideId "4201345"]
[Black "Papaioannou Ioannis"]
[Result "1/2-1/2"]
[LiveChessVersion "1.4.8"]
[BlackElo "2634"]
[WhiteElo "2567"]

1. e4 {[%clk 1:30:57]} c5 {[%clk 1:30:50]} 2. Nf3 {[%clk 1:31:22]} d6
{[%clk 1:31:14]} 3. d4 {[%clk 1:31:48]} cxd4 {[%clk 1:31:37]} 4. Nxd4
{[%clk 1:32:14]} Nf6 {[%clk 1:31:59]} 5. Nc3 {[%clk 1:32:39]} a6 {[%clk 1:32:22]}
6. Be3 {[%clk 1:32:22]} e5 {[%clk 1:32:39]} 7. Nf3 {[%clk 1:32:42]} Qc7
{[%clk 1:32:35]} 8. a4 {[%clk 1:32:00]} Be7 {[%clk 1:32:55]} 9. a5
{[%clk 1:23:07]} O-O {[%clk 1:33:10]} 10. Be2 {[%clk 1:20:43]} Be6
{[%clk 1:31:29]} 11. O-O {[%clk 1:19:18]} h6 {[%clk 1:31:03]} 12. h3
{[%clk 1:13:00]} Nbd7 {[%clk 1:30:46]} 13. Nd5 {[%clk 1:09:22]} Nxd5
{[%clk 1:29:02]} 14. exd5 {[%clk 1:09:44]} Bf5 {[%clk 1:29:26]} 15. c4
{[%clk 1:09:40]} Bg6 {[%clk 1:25:57]} 16. Nd2 {[%clk 1:05:12]} f5
{[%clk 1:22:15]} 17. f4 {[%clk 1:04:20]} exf4 {[%clk 1:16:33]} 18. Bxf4
{[%clk 1:04:41]} Bf6 {[%clk 1:16:36]} 19. Ra2 {[%clk 1:04:22]} Bh7
{[%clk 1:11:30]} 20. b4 {[%clk 1:02:43]} g5 {[%clk 1:10:03]} 21. Be3
{[%clk 0:58:05]} f4 {[%clk 1:07:04]} 22. Bf2 {[%clk 0:58:31]} Ne5
{[%clk 1:06:47]} 23. Qb3 {[%clk 0:46:35]} Qf7 {[%clk 1:02:42]} 24. Nf3
{[%clk 0:44:17]} h5 {[%clk 0:53:30]} 25. Qd1 {[%clk 0:40:16]} g4 {[%clk 0:50:46]}
26. Nxe5 {[%clk 0:39:47]} Bxe5 {[%clk 0:51:10]} 27. Bd3 {[%clk 0:28:58]} f3
{[%clk 0:47:46]} 28. Be3 {[%clk 0:25:30]} Rae8 {[%clk 0:43:30]} 29. gxf3
{[%clk 0:24:42]} gxh3 {[%clk 0:32:56]} 30. Bh6 {[%clk 0:23:00]} Bxd3
{[%clk 0:31:02]} 31. Qxd3 {[%clk 0:21:50]} Qf5 {[%clk 0:31:24]} 32. Rd2
{[%clk 0:14:45]} Rf6 {[%clk 0:28:56]} 33. Qxf5 {[%clk 0:15:08]} Rxf5
{[%clk 0:29:22]} 34. Rd3 {[%clk 0:15:04]} Bg3 {[%clk 0:23:18]} 35. Be3
{[%clk 0:08:43]} Rfe5 {[%clk 0:22:58]} 36. Bf2 {[%clk 0:08:57]} h4
{[%clk 0:22:52]} 37. f4 {[%clk 0:01:19]} Re2 {[%clk 0:22:55]} 38. Rf3
{[%clk 0:01:40]} R8e4 {[%clk 0:17:56]} 39. c5 {[%clk 0:01:35]} Rd2
{[%clk 0:14:12]} 40. c6 {[%clk 0:31:10]} Bxf2+ {[%clk 0:39:12]} 41. R1xf2
{[%clk 0:29:48]} Rxd5 {[%clk 0:39:35]} 42. c7 {[%clk 0:27:28]} Rd1+
{[%clk 0:34:57]} 43. Rf1 {[%clk 0:27:43]} Rxf1+ {[%clk 0:35:17]} 44. Rxf1
{[%clk 0:28:12]} Rc4 {[%clk 0:35:38]} 45. Rd1 {[%clk 0:28:37]} Rxc7
{[%clk 0:35:38]} 46. Rxd6 {[%clk 0:29:02]} Kf7 {[%clk 0:31:07]} 47. Rb6
{[%clk 0:27:23]} Ke8 {[%clk 0:18:14]} 48. Kh2 {[%clk 0:25:28]} Rf7
{[%clk 0:16:36]} 49. Re6+ {[%clk 0:24:01]} Kd7 {[%clk 0:13:56]} 50. Re4
{[%clk 0:24:30]} Kd6 {[%clk 0:13:12]} 51. Kxh3 {[%clk 0:12:07]} Kd5
{[%clk 0:12:38]} 52. Re5+ {[%clk 0:12:32]} Kd4 {[%clk 0:13:02]} 53. Kg4
{[%clk 0:12:15]} h3 {[%clk 0:12:57]} 54. Rh5 {[%clk 0:04:44]} Ke4
{[%clk 0:13:22]} 55. Re5+ {[%clk 0:05:09]} Kd4 {[%clk 0:13:49]} 56. Rh5
{[%clk 0:04:58]} Ke4 {[%clk 0:14:13]} 57. Re5+ 1/2-1/2

[Event "World Chess Olympiad 2018"]
[Site "Batumi"]
[Date "2018.09.30"]
[Round "6"]
[Board "2"]
[WhiteFideId "4202031"]
[White "Banikas Hristos"]
[BlackFideId "4700600"]
[Black "Mehmeti Dritan"]
[Result "1/2-1/2"]
[LiveChessVersion "1.4.8"]
[BlackElo "2391"]
[WhiteElo "2601"]

1. d4 {[%clk 1:30:56]} Nf6 {[%clk 1:30:39]} 2. c4 {[%clk 1:31:18]} e6
{[%clk 1:30:40]} 3. Nf3 {[%clk 1:31:35]} b6 {[%clk 1:30:43]} 4. g3
{[%clk 1:31:51]} Bb7 {[%clk 1:30:53]} 5. Bg2 {[%clk 1:32:10]} Be7
{[%clk 1:31:18]} 6. O-O {[%clk 1:32:33]} O-O {[%clk 1:31:22]} 7. b3
{[%clk 1:31:33]} Ne4 {[%clk 1:22:41]} 8. Qc2 {[%clk 1:22:13]} f5 {[%clk 1:21:05]}
9. Bb2 {[%clk 1:22:02]} c5 {[%clk 1:12:41]} 10. dxc5 {[%clk 1:16:29]} bxc5
{[%clk 1:11:19]} 11. Nfd2 {[%clk 1:07:18]} Nd6 {[%clk 1:04:18]} 12. Bxb7
{[%clk 1:06:26]} Nxb7 {[%clk 1:04:38]} 13. Nc3 {[%clk 1:06:51]} Nc6
{[%clk 1:04:25]} 14. Rad1 {[%clk 1:07:06]} Nd6 {[%clk 1:00:12]} 15. f4
{[%clk 1:03:59]} Qe8 {[%clk 0:57:21]} 16. Nf3 {[%clk 1:03:30]} Rd8
{[%clk 0:54:40]} 17. Rd2 {[%clk 1:03:49]} Nf7 {[%clk 0:48:30]} 18. Rfd1
{[%clk 0:56:15]} d6 {[%clk 0:43:51]} 19. e4 {[%clk 0:55:10]} Nh6 {[%clk 0:43:48]}
20. exf5 {[%clk 0:47:59]} Nxf5 {[%clk 0:40:03]} 21. Qe4 {[%clk 0:48:24]} Bf6
{[%clk 0:34:14]} 22. Nb5 {[%clk 0:44:16]} Bxb2 {[%clk 0:30:33]} 23. Rxb2
{[%clk 0:44:42]} d5 {[%clk 0:28:16]} 24. cxd5 {[%clk 0:44:26]} exd5
{[%clk 0:28:26]} 25. Qxe8 {[%clk 0:40:22]} Rfxe8 {[%clk 0:28:48]} 26. Rc1
{[%clk 0:36:39]} Re3 {[%clk 0:24:53]} 27. Kg2 {[%clk 0:36:29]} Nb4
{[%clk 0:24:07]} 28. Rd2 {[%clk 0:36:14]} Nd3 {[%clk 0:19:28]} 29. Rc3
{[%clk 0:36:08]} a6 {[%clk 0:19:10]} 30. Rcxd3 {[%clk 0:34:28]} Rxd3
{[%clk 0:19:14]} 31. Rxd3 {[%clk 0:34:53]} axb5 {[%clk 0:19:39]} 32. Ne5
{[%clk 0:35:13]} Ra8 {[%clk 0:18:01]} 33. Kf3 {[%clk 0:33:38]} Ne7
{[%clk 0:12:15]} 34. Rd2 {[%clk 0:33:32]} b4 {[%clk 0:12:01]} 35. Rc2
{[%clk 0:32:45]} h5 {[%clk 0:09:41]} 36. g4 {[%clk 0:30:49]} c4 {[%clk 0:08:19]}
37. bxc4 {[%clk 0:31:06]} Ra3+ {[%clk 0:08:43]} 38. Ke2 {[%clk 0:29:41]} dxc4
{[%clk 0:06:57]} 39. Nxc4 {[%clk 0:29:34]} Rh3 {[%clk 0:07:13]} 40. gxh5
{[%clk 0:59:47]} Nd5 {[%clk 0:36:19]} 41. Kf1 {[%clk 0:51:25]} Nxf4
{[%clk 0:33:09]} 42. Rf2 {[%clk 0:46:39]} 1/2-1/2

[Event "World Chess Olympiad 2018"]
[Site "Batumi"]
[Date "2018.09.30"]
[Round "6"]
[Board "3"]
[WhiteFideId "4701178"]
[White "Pasko Llambi"]
[BlackFideId "4202139"]
[Black "Nikolaidis Ioannis"]
[Result "0-1"]
[LiveChessVersion "1.4.8"]
[BlackElo "2544"]
[WhiteElo "2386"]

1. d4 {[%clk 1:30:58]} Nf6 {[%clk 1:30:45]} 2. Nf3 {[%clk 1:31:10]} d5
{[%clk 1:30:23]} 3. c4 {[%clk 1:30:24]} e6 {[%clk 1:29:43]} 4. Nc3
{[%clk 1:30:31]} Nbd7 {[%clk 1:28:01]} 5. cxd5 {[%clk 1:27:19]} exd5
{[%clk 1:28:13]} 6. Bg5 {[%clk 1:26:37]} h6 {[%clk 1:26:39]} 7. Bh4
{[%clk 1:26:40]} c6 {[%clk 1:26:41]} 8. e3 {[%clk 1:25:17]} g5 {[%clk 1:25:40]}
9. Bg3 {[%clk 1:25:12]} Nh5 {[%clk 1:25:59]} 10. Bd3 {[%clk 1:22:34]} Nxg3
{[%clk 1:19:49]} 11. hxg3 {[%clk 1:19:22]} Bg7 {[%clk 1:19:04]} 12. Qc2
{[%clk 1:18:31]} Nb6 {[%clk 1:18:44]} 13. Na4 {[%clk 1:12:18]} Nxa4
{[%clk 1:12:13]} 14. Qxa4 {[%clk 1:12:43]} Qe7 {[%clk 1:07:01]} 15. O-O-O
{[%clk 1:04:25]} Be6 {[%clk 0:59:50]} 16. Kb1 {[%clk 1:02:45]} O-O
{[%clk 0:56:14]} 17. Ne5 {[%clk 0:54:38]} c5 {[%clk 0:50:14]} 18. f4
{[%clk 0:52:56]} c4 {[%clk 0:48:47]} 19. Bc2 {[%clk 0:53:09]} b5 {[%clk 0:45:21]}
20. Qa5 {[%clk 0:51:54]} Qd8 {[%clk 0:32:03]} 21. Qxd8 {[%clk 0:47:35]} Rfxd8
{[%clk 0:31:31]} 22. f5 {[%clk 0:48:01]} Bc8 {[%clk 0:30:36]} 23. Ng4
{[%clk 0:48:24]} Rd6 {[%clk 0:30:05]} 24. Kc1 {[%clk 0:36:33]} a5
{[%clk 0:29:36]} 25. Kd2 {[%clk 0:36:58]} Bd7 {[%clk 0:29:08]} 26. Ne5
{[%clk 0:35:13]} Be8 {[%clk 0:25:59]} 27. Ng4 {[%clk 0:35:24]} Bd7
{[%clk 0:24:43]} 28. Ne5 {[%clk 0:35:44]} Raa6 {[%clk 0:24:34]} 29. Ke2
{[%clk 0:26:15]} Be8 {[%clk 0:24:01]} 30. Ng4 {[%clk 0:26:02]} b4
{[%clk 0:23:34]} 31. Kf3 {[%clk 0:21:57]} Bd7 {[%clk 0:22:19]} 32. Ne5
{[%clk 0:21:50]} a4 {[%clk 0:19:55]} 33. Rc1 {[%clk 0:20:27]} Bc8
{[%clk 0:14:03]} 34. Rcd1 {[%clk 0:18:49]} b3 {[%clk 0:12:39]} 35. axb3
{[%clk 0:17:26]} axb3 {[%clk 0:13:02]} 36. Bb1 {[%clk 0:17:53]} Ra1
{[%clk 0:11:57]} 37. Ke2 {[%clk 0:14:44]} Rxb1 {[%clk 0:09:49]} 38. Rxb1
{[%clk 0:14:30]} Bxf5 {[%clk 0:09:36]} 39. Rbf1 {[%clk 0:14:19]} Be4
{[%clk 0:07:36]} 40. Rxf7 {[%clk 0:42:44]} Bxe5 {[%clk 0:35:36]} 41. dxe5
{[%clk 0:43:08]} Kxf7 {[%clk 0:35:51]} 42. exd6 {[%clk 0:37:22]} c3
{[%clk 0:28:56]} 0-1

[Event "World Chess Olympiad 2018"]
[Site "Batumi"]
[Date "2018.09.30"]
[Round "6"]
[Board "4"]
[WhiteFideId "4212312"]
[White "Pavlidis Antonios"]
[BlackFideId "4700066"]
[Black "Ashiku Franc"]
[Result "1-0"]
[LiveChessVersion "1.4.8"]
[BlackElo "2373"]
[WhiteElo "2552"]

1. e4 {[%clk 1:30:57]} e5 {[%clk 1:30:51]} 2. Nf3 {[%clk 1:31:21]} Nc6
{[%clk 1:31:14]} 3. Bc4 {[%clk 1:31:43]} Bc5 {[%clk 1:31:33]} 4. d3
{[%clk 1:32:06]} Nf6 {[%clk 1:31:42]} 5. Bg5 {[%clk 1:32:29]} h6 {[%clk 1:30:21]}
6. Bh4 {[%clk 1:32:52]} a6 {[%clk 1:29:34]} 7. Nc3 {[%clk 1:30:44]} g5
{[%clk 1:27:23]} 8. Bg3 {[%clk 1:30:26]} d6 {[%clk 1:27:34]} 9. a3
{[%clk 1:25:25]} Nd4 {[%clk 0:57:09]} 10. Nxd4 {[%clk 1:21:59]} Bxd4
{[%clk 0:56:03]} 11. h4 {[%clk 1:19:19]} Rg8 {[%clk 0:54:08]} 12. hxg5
{[%clk 1:00:20]} hxg5 {[%clk 0:54:22]} 13. Rh6 {[%clk 1:00:16]} Bg4
{[%clk 0:52:49]} 14. f3 {[%clk 0:51:54]} Bd7 {[%clk 0:48:54]} 15. Qd2
{[%clk 0:48:19]} Qe7 {[%clk 0:48:44]} 16. Bf2 {[%clk 0:44:17]} O-O-O
{[%clk 0:32:08]} 17. Bxd4 {[%clk 0:30:07]} exd4 {[%clk 0:32:30]} 18. Rxf6
{[%clk 0:30:01]} Qxf6 {[%clk 0:29:51]} 19. Nd5 {[%clk 0:30:23]} Qe5
{[%clk 0:28:52]} 20. Qa5 {[%clk 0:26:21]} b6 {[%clk 0:25:20]} 21. Nxb6+
{[%clk 0:23:58]} Kb8 {[%clk 0:25:07]} 22. Nd5 {[%clk 0:22:26]} Qg3+
{[%clk 0:24:11]} 23. Kf1 {[%clk 0:21:44]} Rc8 {[%clk 0:24:28]} 24. Bxa6
{[%clk 0:20:26]} Bc6 {[%clk 0:24:08]} 25. Ne7 {[%clk 0:19:32]} 1-0